000 01109nam a2200229Ii 4500
003 JO-AjNU
008 230605s9999||||xx |||||||||||||| ||und||
017 _a1426/4795
020 _a9960-49-310-5
040 _aJO-AjNU
_bara
_erda
_cJO-AjNU
041 _aara
050 1 4 _aHD12.D3422.2006
100 3 _aالدخيل، عبد العزيز عبد الله ,
_eauthor
_921884
245 0 0 _a معجم مصطلحات الخدمة الاجتماعية والعلوم الاجتماعية : إنجليزي-عربي 
250 _aط1
264 3 1 _aعمان: دار المناهج للنشر والتوزيع، 2006
300 _a276ص
_bيشتمل على مراجع ببلوغرافية باللغة العربية واللغة الانجليزية ص(227-232)ويشتمل على مسرد مصطلحات إنكليزي - عربي ص(233-276)
336 _atext
_btxt
_2rdacontent
337 _aunmediated
_bn
_2rdamedia
338 _avolume
_bnc
_2rdacarrier
650 4 _aالخدمة الاجتماعية -- معجم مصطلحات -- العلوم الاجتماعية -- معجم مصطلحات
_921885
999 _aA7678
_c11246
_d11246